History Quiz

Random History or Famous Quiz

Famous Swedes Quiz Stats

 Plays Quiz Updated Nov 6, 2015

Also try: Famous Russians
Challenge
Share
Tweet
Embed
Score 0/20 Timer 07:00
7 Plays Today
% Correct
Anders Celsius
91.6%
Alfred Nobel
91.6%
Gustav I
87.9%
Björn Borg
84.5%
Ingrid Bergman
83.8%
Dolph Lundgren
78.5%
Annika Sörenstam
77%
Stieg Larsson
76.9%
Ingmar Bergman
70.9%
Carl Linnaeus
69.8%
% Correct
Agnetha Fältskog
67.1%
Felix 'PewDiePie' Kjellberg
65.4%
Astrid Lindgren
64.9%
Avicii
64.4%
Stellan Skarsgård
62.7%
Zlatan Ibrahimović
60.6%
Dag Hammarskjöld
59.5%
Olof Palme
55%
Nicklas Lidström
54.7%
Markus 'Notch' Persson
54.4%

You're not logged in!

Compare scores with friends on all Sporcle quizzes.
OR
Log In

You Might Also Like...

Show Comments

Extras

Top Quizzes Today


Score Distribution

Your Account Isn't Verified!

In order to create a playlist on Sporcle, you need to verify the email address you used during registration. Go to your Sporcle Settings to finish the process.

Report this User

Report this user for behavior that violates our Community Guidelines.

Details: